08513 2204033 4500001002100000008004100021035002000062245005900082260004800141300002200189020001800211084001700229082001100246650001000257990001300267990001300280990001300293990001300306990001300319990001300332990001300345990001300358990001300371990001300384990001300397990001300410990001300423990001300436990001300449990001300462990001300475990001300488990001300501990001300514990001300527990001300540990001300553990001300566990001300579990001300592990001300605990001300618990001300631990001300644990001300657990001300670990001300683990001300696990001300709990001300722990001300735990001300748990001300761990001300774990001300787990001300800990001300813990001300826990001300839990001300852990001300865990001300878990001300891990001300904990001300917990001300930990001300943990001300956990001300969990001300982990001300995990001301008990001301021990001301034990001301047990001301060990001301073990001301086990001301099990001301112990001301125990001301138990001301151990001301164990001301177990001301190990001301203990001301216990001301229990001301242990001301255990001301268990001301281990001301294990001301307990001301320990001301333990001301346990001301359990001301372990001301385990001301398990001301411990001301424990001301437990001301450990001301463990001301476990001301489990001301502990001301515990001301528990001301541990001301554990001301567990001301580990001301593990001301606990001301619990001301632990001301645990001301658990001301671990001301684990001301697990001301710990001301723990001301736990001301749990001301762990001301775990001301788990001301801990001301814990001301827990001301840990001301853990001301866990001301879990001301892990001301905990001301918990001301931990001301944990001301957990001301970990001301983990001301996990001302009990001302022990001302035990001302048990001302061990001302074990001302087990001302100990001302113990001302126990001302139990001302152990001302165990001302178990001302191990001302204990001302217990001302230990001302243990001302256990001302269990001302282990001302295990001302308990001302321990001302334990001302347990001302360990001302373990001302386990001302399990001302412990001302425990001302438990001302451990001302464990001302477990001302490990001302503990001302516990001302529990001302542990001302555990001302568990001302581990001302594990001302607990001302620990001302633990001302646990001302659990001302672990001302685990001302698990001302711990001302724990001302737990001302750990001302763990001302776990001302789990001302802990001302815990001302828990001302841990001302854990001302867990001302880990001302893990001302906990001302919990001302932990001302945990001302958990001302971990001302984990001302997990001303010990001303023990001303036990001303049990001303062990001303075990001303088990001303101990001303114990001303127990001303140990001303153990001303166990001303179990001303192990001303205990001303218990001303231990001303244990001303257990001303270990001303283990001303296990001303309990001303322990001303335990001303348990001303361990001303374990001303387990001303400990001303413990001303426990001303439990001303452990001303465990001303478990001303491990001303504990001303517990001303530990001303543990001303556990001303569990001303582990001303595990001303608990001303621990001303634990001303647990001303660990001303673990001303686990001303699990001303712990001303725990001303738990001303751990001303764990001303777990001303790990001303803990001303816990001303829990001303842990001303855990001303868990001303881990001303894990001303907990001303920990001303933990001303946990001303959990001303972990001303985990001303998990001304011990001304024990001304037990001304050990001304063990001304076990001304089990001304102990001304115990001304128990001304141990001304154990001304167990001304180990001304193990001304206990001304219990001304232990001304245990001304258990001304271990001304284990001304297990001304310990001304323990001304336990001304349990001304362990001304375990001304388990001304401990001304414990001304427990001304440990001304453990001304466INLIS000000000000007 ind  a0010-0223000006 aPENDIDIKAN PANCASILA DAN KEWARGANEGARAANcZAIM UCHROWI aJAKARTAbPT. INPERA PRATAMA INDONESIAc2022 a142c17,6 X 25 CM a9786022443131 a307.11 ZAI p a307.11 aagama aIKM.7430 aIKM.7431 aIKM.7432 aIKM.7433 aIKM.7434 aIKM.7435 aIKM.7436 aIKM.7437 aIKM.7438 aIKM.7439 aIKM.7440 aIKM.7441 aIKM.7442 aIKM.7443 aIKM.7444 aIKM.7445 aIKM.7446 aIKM.7447 aIKM.7448 aIKM.7449 aIKM.7450 aIKM.7451 aIKM.7452 aIKM.7453 aIKM.7454 aIKM.7455 aIKM.7456 aIKM.7457 aIKM.7458 aIKM.7459 aIKM.7460 aIKM.7461 aIKM.7462 aIKM.7463 aIKM.7464 aIKM.7465 aIKM.7466 aIKM.7467 aIKM.7468 aIKM.7469 aIKM.7470 aIKM.7471 aIKM.7472 aIKM.7473 aIKM.7474 aIKM.7475 aIKM.7476 aIKM.7477 aIKM.7478 aIKM.7479 aIKM.7480 aIKM.7481 aIKM.7482 aIKM.7483 aIKM.7484 aIKM.7485 aIKM.7486 aIKM.7487 aIKM.7488 aIKM.7489 aIKM.7490 aIKM.7491 aIKM.7492 aIKM.7493 aIKM.7494 aIKM.7495 aIKM.7496 aIKM.7497 aIKM.7498 aIKM.7499 aIKM.7500 aIKM.7501 aIKM.7502 aIKM.7503 aIKM.7504 aIKM.7505 aIKM.7506 aIKM.7507 aIKM.7508 aIKM.7509 aIKM.7510 aIKM.7511 aIKM.7512 aIKM.7513 aIKM.7514 aIKM.7515 aIKM.7516 aIKM.7517 aIKM.7518 aIKM.7519 aIKM.7520 aIKM.7521 aIKM.7522 aIKM.7523 aIKM.7524 aIKM.7525 aIKM.7526 aIKM.7527 aIKM.7528 aIKM.7529 aIKM.7530 aIKM.7531 aIKM.7532 aIKM.7533 aIKM.7534 aIKM.7535 aIKM.7536 aIKM.7537 aIKM.7538 aIKM.7539 aIKM.7540 aIKM.7541 aIKM.7542 aIKM.7543 aIKM.7544 aIKM.7545 aIKM.7546 aIKM.7547 aIKM.7548 aIKM.7549 aIKM.7550 aIKM.7551 aIKM.7552 aIKM.7553 aIKM.7554 aIKM.7555 aIKM.7556 aIKM.7557 aIKM.7558 aIKM.7559 aIKM.7560 aIKM.7561 aIKM.7562 aIKM.7563 aIKM.7564 aIKM.7565 aIKM.7566 aIKM.7567 aIKM.7568 aIKM.7569 aIKM.7570 aIKM.7571 aIKM.7572 aIKM.7573 aIKM.7574 aIKM.7575 aIKM.7576 aIKM.7577 aIKM.7578 aIKM.7579 aIKM.7580 aIKM.7581 aIKM.7582 aIKM.7583 aIKM.7584 aIKM.7585 aIKM.7586 aIKM.7587 aIKM.7588 aIKM.7589 aIKM.7590 aIKM.7591 aIKM.7592 aIKM.7593 aIKM.7594 aIKM.7595 aIKM.7596 aIKM.7597 aIKM.7598 aIKM.7599 aIKM.7600 aIKM.7601 aIKM.7602 aIKM.7603 aIKM.7604 aIKM.7605 aIKM.7606 aIKM.7607 aIKM.7608 aIKM.7609 aIKM.7610 aIKM.7611 aIKM.7612 aIKM.7613 aIKM.7614 aIKM.7615 aIKM.7616 aIKM.7617 aIKM.7618 aIKM.7619 aIKM.7620 aIKM.7621 aIKM.7622 aIKM.7623 aIKM.7624 aIKM.7625 aIKM.7626 aIKM.7627 aIKM.7628 aIKM.7629 aIKM.7630 aIKM.7631 aIKM.7632 aIKM.7633 aIKM.7634 aIKM.7635 aIKM.7636 aIKM.7637 aIKM.7638 aIKM.7639 aIKM.7640 aIKM.7641 aIKM.7642 aIKM.7643 aIKM.7644 aIKM.7645 aIKM.7646 aIKM.7647 aIKM.7648 aIKM.7649 aIKM.7650 aIKM.7651 aIKM.7652 aIKM.7653 aIKM.7654 aIKM.7655 aIKM.7656 aIKM.7657 aIKM.7658 aIKM.7659 aIKM.7660 aIKM.7661 aIKM.7662 aIKM.7663 aIKM.7664 aIKM.7665 aIKM.7666 aIKM.7667 aIKM.7668 aIKM.7669 aIKM.7670 aIKM.7671 aIKM.7672 aIKM.7673 aIKM.7674 aIKM.7675 aIKM.7676 aIKM.7677 aIKM.7678 aIKM.7679 aIKM.7680 aIKM.7681 aIKM.7682 aIKM.7683 aIKM.7684 aIKM.7685 aIKM.7686 aIKM.7687 aIKM.7688 aIKM.7689 aIKM.7690 aIKM.7691 aIKM.7692 aIKM.7693 aIKM.7694 aIKM.7695 aIKM.7696 aIKM.7697 aIKM.7698 aIKM.7699 aIKM.7700 aIKM.7701 aIKM.7702 aIKM.7703 aIKM.7704 aIKM.7705 aIKM.7706 aIKM.7707 aIKM.7708 aIKM.7709 aIKM.7710 aIKM.7711 aIKM.7712 aIKM.7713 aIKM.7714 aIKM.7715 aIKM.7716 aIKM.7717 aIKM.7718 aIKM.7719 aIKM.7720 aIKM.7721 aIKM.7722 aIKM.7723 aIKM.7724 aIKM.7725 aIKM.7726 aIKM.7727 aIKM.7728 aIKM.7729 aIKM.7730 aIKM.7731 aIKM.7732 aIKM.7733 aIKM.7734 aIKM.7735 aIKM.7736 aIKM.7737 aIKM.7738 aIKM.7739 aIKM.7740 aIKM.7741 aIKM.7742 aIKM.7743 aIKM.7744 aIKM.7745 aIKM.7746 aIKM.7747 aIKM.7748 aIKM.7749 aIKM.7750 aIKM.7751 aIKM.7752 aIKM.7753